Plantas mirmecófilas arbóreas de la estación de biología Los Tuxtlas Veracruz, Mexico (Registro nro. 13736)

Detalles MARC
000 -CABECERA
Campo de control 003690000a22001210004500
090 ## - CLASIFICACIÓN LOCAL
Colección AR
Consecutivo 04636
041 0# - IDIOMA
Código de idioma para texto/pista de sonido o título separado
100 1# - ASIENTO PRINCIPAL--NOMBRE PERSONAL
Nombre personal Ibarra Manriquez, Guillermo
245 10 - MENCION DE TITULO
Título Plantas mirmecófilas arbóreas de la estación de biología Los Tuxtlas Veracruz, Mexico
700 1# - ASIENTO SECUNDARIO - NOMBRE PERSONAL
Nombre personal Dirzo, Rodolfo
773 1# - Item fuente:
Título Rev. Biol. Trop.
Paginas del Articulo 79-82 p.
942 ## - ELEMENTOS ADICIONALES (KOHA)
Tipo de ítem Artículo
Existencias
Withdrawn status Lost status Damaged status No para préstamo Colección Ubicación Permanente Ubicación actual Fecha de adquisición Fuente de Valor Datos de publicación Seriada Total Checkouts Número topográfico Inventario / Código de Barras Date last seen Ejemplar Price effective from Forma de adquisición Tipo de material
      No para Préstamo Hemeroteca Bogotá Bogotá 19/03/2010 Escobar Sarria, Federico Fuera de circulación   AR 04636 027991 25/03/2015 1 25/03/2015   Artículo